Team of the Tournament - Championnat d'Europe de football 2008 - Statistiques

Statistiques générales
  • Ce quiz a été pris 34 fois
  • Le résultat moyen est 11 sur 23
Statistiques - réponses
Position Nationalité Joueur % Correct
Gardien de but Italie Gianluigi Buffon
97%
Gardien de but Espagne Iker Casillas
94%
Défenseur Portugal Pepe
87%
Milieu de terrain Espagne Andrés Iniesta
77%
Attaquant Espagne David Villa
74%
Milieu de terrain Croatie Luka Modrić
74%
Milieu de terrain Espagne Xavi
74%
Défenseur Espagne Carles Puyol
71%
Gardien de but Pays-Bas Edwin van der Sar
65%
Attaquant Espagne Fernando Torres
65%
Défenseur Allemagne Philipp Lahm
58%
Milieu de terrain Pays-Bas Wesley Sneijder
52%
Milieu de terrain Espagne Cesc Fàbregas
39%
Milieu de terrain Allemagne Michael Ballack
39%
Attaquant Russie Andrey Arshavin
35%
Milieu de terrain Turquie Hamit Altıntop
16%
Défenseur Portugal José Bosingwa
10%
Milieu de terrain Espagne Marcos Senna
10%
Milieu de terrain Allemagne Lukas Podolski
6%
Attaquant Russie Roman Pavlyuchenko
6%
Défenseur Espagne Carlos Marchena
3%
Milieu de terrain Russie Konstantin Zyryanov
0%
Défenseur Russie Yuri Zhirkov
0%
Aucun quiz correspondant
Distribution des résultats
% des personnes avec chaque résultat
Percentile par nombre de réponses
Votre historique - résultats
Vous n’avez pas pris ce quiz